| 000 | 00466nam a2200193 a 4500 | ||
|---|---|---|---|
| 001 | 1757587867730 | ||
| 003 | ACL | ||
| 005 | 20250911162236.0 | ||
| 008 | 250911s1998##################000#0#eng## | ||
| 020 | _a9788174360434 | ||
| 082 | 0 | 4 |
_a791.0954 _bKHO |
| 100 | 1 |
_aKhokar, Ashish, _eauthor. |
|
| 245 | 1 | 0 | _aShriram Bharatiya Kala Kendra : |
| 260 |
_bRoli Books, _c1998. |
||
| 300 | _a200 pages | ||
| 650 | 0 | _aArt. | |
| 942 | _cENGLISH | ||
| 040 |
_aACL _beng _cACL |
||
| 999 |
_c586560 _d586560 |
||